00461cam a2200169ua 45000010005000000080039000050200018000440400009000620820011000711000019000822450063001012500010001642600036001743000021002106530014002316530046002452089110804n ii |||gr||||Z||||||eng a81-7457-143-4 cMAIN a370.54 aMathur, S. S.,1 aSociological approach to indian educationcby S. S. Mathur a10th. aAgra:bVinod pustak mandir,997. axx; 511p:c23cm. aEducation aSociological approach to indian education